|
|
|
|
| LEADER |
00000nam a22000007a 4500 |
| 005 |
20141009001845.0 |
| 007 |
cr|||| |||| |
| 008 |
141009s2014 es |||||s|||| 00||0 spa d |
| 020 |
|
|
|a 978-84-15923-39-8
|
| 035 |
|
|
|a 12428
|
| 040 |
|
|
|a vLex
|
| 090 |
|
|
|c 5197
|d 5197
|
| 100 |
1 |
|
|a Preciado Domňech, Carlos Hugo
|
| 245 |
1 |
4 |
|a Los grupos de empresas tras las l︢timas reformas laborales
|h [Recurso electrn̤ico] /
|c Carlos Hugo Preciado Domňech
|
| 256 |
|
|
|a Servicio en ln̕ea
|
| 260 |
|
|
|a Madrid:
|b Dykinson,
|c 2014
|
| 300 |
|
|
|a 1 recurso electrn̤ico
|
| 500 |
|
|
|a El fenm̤eno de los grup Derecho laboral evidencie figura del empresario en la relacin̤ laboral. Su tratamiento jurd̕ico, con un fuerte componente jurisprudencial, ha tenido una revitalizacin̤ derivada de las recientes reformas laborales: RDL 7/2011, RDL 3/2012, Ley 3/2012, RDL 11/2013 y la dotrina surgida a raz̕ de ellas. Es props̤ito de este trabajo abordar los pronunciamientos de los tribunales sobre la materia, tratando de incidir en los puntos ms̀ relevantes: concepto tradicional y actual de grupo de empresas mercantil y laboral, su incidencia en los despidos colectivos, la Administracin̤ Pb︢lica y los concursos de acreedores.
|
| 506 |
1 |
|
|a Disponible solo en los productos indicados
|d vLex Global
|d vLex Global (Academic Edition, excluding Law Schools)
|d vLex Global (U.S. Academic Edition, Law Schools)
|d vLex Global (U.S. Academic Edition, excluding Law Schools)
|d vLex Global (Academic Edition, Law Schools)
|
| 650 |
0 |
4 |
|a Derecho Civil
|z Espaą
|
| 650 |
0 |
4 |
|a Derecho Laboral y Seguridad Social
|z Espaą
|
| 740 |
0 |
|
|a vLex Libros (Servicio en ln̕ea)
|
| 856 |
4 |
0 |
|u http://vlex.com/source/grupos-de-empresas-tras-las-ultimas-reformas-laborales-12428
|z Acceso restringido
|
| 942 |
|
|
|c BOOK
|
| 999 |
0 |
|
|a Civil Law
|
| 999 |
0 |
|
|a Labor Law and Social Security
|